The basicof information work / (Record no. 122920)

MARC details
000 -LEADER
fixed length control field 00636nam a22002297a 4500
005 - DATE AND TIME OF LATEST TRANSACTION
control field 20170124105917.0
010 ## - LIBRARY OF CONGRESS CONTROL NUMBER
LC control number A-285410
020 ## - INTERNATIONAL STANDARD BOOK NUMBER
Terms of availability 00.00
International Standard Book Number 0851573762
035 ## - SYSTEM CONTROL NUMBER
System control number A-285410
037 ## - SOURCE OF ACQUISITION
Source of stock number/acquisition Cen Lib/Ret
040 ## - CATALOGING SOURCE
Original cataloging agency DPL
Language of cataloging EN
082 ## - DEWEY DECIMAL CLASSIFICATION NUMBER
Classification number 025.5
Item number BUN
100 ## - MAIN ENTRY--PERSONAL NAME
Personal name Bunch, Allan
9 (RLIN) 3085
245 ## - TITLE STATEMENT
Title The basicof information work /
Statement of responsibility, etc by Allan Bunch
260 ## - PUBLICATION, DISTRIBUTION, ETC. (IMPRINT)
Place of publication, distribution, etc London
Name of publisher, distributor, etc Clive Bingley
Date of publication, distribution, etc 1985
270 ## - ADDRESS
Address 7 Ridmount Street
City London
300 ## - PHYSICAL DESCRIPTION
Extent 159p.
Dimensions 22cm(Hb)
500 ## - GENERAL NOTE
General note Includes index
650 ## - SUBJECT ADDED ENTRY--TOPICAL TERM
Topical term or geographic name as entry element Library Science
9 (RLIN) 106628
650 ## - SUBJECT ADDED ENTRY--TOPICAL TERM
Topical term or geographic name as entry element Information Services
9 (RLIN) 3087
942 ## - ADDED ENTRY ELEMENTS (KOHA)
Source of classification or shelving scheme Dewey Decimal Classification
Koha item type English Books
Classification part 025.5
Call number suffix BUN
Holdings
Withdrawn status Lost status Damaged status Not for loan Collection code Home library Current library Date acquired Source of acquisition Cost, normal purchase price Total Checkouts Full call number Barcode Date last seen Copy number Cost, replacement price Price effective from Koha item type
      Not For Loan Reference Central Library Central Library 30/05/2015 Cen Lib/Ret 0.00   025.5 BUN A-285410 30/05/2015 1 0.00 30/05/2015 English Books

© Delhi Public Library
Hit Counter
free hit counter